| 000 | 01612nam a2200373Ia 4500 | ||
|---|---|---|---|
| 001 | ebr10457632 | ||
| 003 | CaPaEBR | ||
| 006 | m u | ||
| 007 | cr cn||||||||| | ||
| 008 | 070730s2008 nyub sb 001 0 eng d | ||
| 010 | _z 2007031126 | ||
| 020 | _z9780801441318 | ||
| 020 | _z0801441315 | ||
| 040 |
_aCaPaEBR _cCaPaEBR |
||
| 035 | _a(OCoLC)726824271 | ||
| 050 | 1 | 4 |
_aBX3632.L3 _bB87 2008eb |
| 082 | 0 | 4 |
_a282/.4480902 _222 |
| 100 | 1 |
_aBurnham, Louisa A. _q(Louisa Anne), _d1964- |
|
| 245 | 1 | 0 |
_aSo great a light, so great a smoke _h[electronic resource] : _bthe Beguin heretics of Languedoc / _cLouisa A. Burnham. |
| 260 |
_aIthaca : _bCornell University Press, _c2008. |
||
| 300 |
_axiv, 217 p. : _bmaps. |
||
| 490 | 1 | _aConjunctions of religion and power in the medieval past | |
| 500 | _aOriginally presented as the author's thesis (Ph. D.)--Northwestern University, 2000. | ||
| 504 | _aIncludes bibliographical references and index. | ||
| 533 |
_aElectronic reproduction. _bPalo Alto, Calif. : _cebrary, _d2011. _nAvailable via World Wide Web. _nAccess may be limited to ebrary affiliated libraries. |
||
| 600 | 1 | 0 |
_aOlivi, Pierre Jean, _d1248 or 9-1298. |
| 650 | 0 |
_aFranciscan Spirituals _zFrance _zLanguedoc. |
|
| 650 | 0 |
_aThird orders _zFrance _zLanguedoc. |
|
| 651 | 0 |
_aLanguedoc (France) _xChurch history. |
|
| 655 | 7 |
_aElectronic books. _2local |
|
| 710 | 2 | _aebrary, Inc. | |
| 830 | 0 | _aConjunctions of religion & power in the medieval past. | |
| 856 | 4 | 0 |
_uhttp://site.ebrary.com/lib/rucke/Doc?id=10457632 _zAn electronic book accessible through the World Wide Web; click to view |
| 999 |
_c230364 _d230364 |
||